| 000 | 01116cam a22002897a 4500 | ||
|---|---|---|---|
| 003 | MX-MxUPN | ||
| 005 | 20240612173138.0 | ||
| 008 | 240212b1995 mx|a|||br|||| 000 0 nai d | ||
| 020 | _a968297864 | ||
| 040 |
_aMX-MxUPN _bspa |
||
| 050 | 4 |
_aLB1578.369 T674 _bX37 1995 |
|
| 100 | 1 |
_947697 _aNúñez García, Cristino |
|
| 100 | 1 |
_947698 _aVicente Vázquez, Constantino |
|
| 100 | 1 |
_947699 _aOlarte Tiburcio, Alberto |
|
| 100 | 1 |
_947700 _aHernández Santes, Esteban |
|
| 100 | 1 |
_947701 _aHernández García, Epifanio |
|
| 100 | 1 |
_947702 _aPérez Olarte, Porfirio |
|
| 100 | 1 |
_947703 _aJiménez García, Rosalía |
|
| 245 | 1 | 0 |
_aXarachiwin tutunaku : _blengua totonaca veracruz : cuarto grado |
| 260 |
_aMéxico : _bSecretaría de Educación Pública, Dirección General de Educación Indígena, _c1995. |
||
| 300 |
_a201 paginas : _bilustraciones a color |
||
| 650 | 4 |
_98375 _aCartilla totonaca |
|
| 650 | 4 |
_925557 _aTotonaco _xEstudio y enseñanza (Elemental) |
|
| 650 | 4 |
_921179 _aIndígenas de México _zVeracruz _xLenguas |
|
| 902 |
_aMarielOrtiz/120224 _bVíctorGodínez/120624 |
||
| 942 |
_2lcc _cLIBRO |
||
| 999 |
_c210972 _d210972 |
||